| Tag |
First Indicator |
Second Indicator |
Subfields |
| LEADER |
00000cam a22000001a 4500 |
| 001 |
in00003039713 |
| 005 |
20190402184730.0 |
| 006 |
m o d |
| 007 |
cr un mmmapmmp |
| 008 |
070707s1913 dcud o f000 0 eng d |
| 035 |
|
|
|a cis2004144108
|
| 040 |
|
|
|a UMI
|c UMI
|d UtOrBLW
|
| 043 |
|
|
|a n-us---
|
| 099 |
|
|
|a ProQuest Serial Set Number 6756 H.doc.328
|
| 110 |
1 |
|
|a United States.
|b Congress.
|b House.
|b Committee on Indian Affairs.
|
| 245 |
1 |
0 |
|a Fiscal affairs of Indian tribes. Letter from the Secretary of the Interior, transmitting statement of the fiscal affairs of Indian tribes for fiscal year ended June 30, 1913, as required by law.
|
| 246 |
1 |
|
|a Fiscal affairs of Indian tribes, 1913
|
| 264 |
|
1 |
|a Washington :
|b [publisher not identified],
|c 1913.
|
| 300 |
|
|
|a 1 online resource.
|
| 336 |
|
|
|a text
|b txt
|2 rdacontent
|
| 337 |
|
|
|a computer
|b c
|2 rdamedia
|
| 338 |
|
|
|a online resource
|b cr
|2 rdacarrier
|
| 490 |
0 |
|
|a H.doc.328
|
| 500 |
|
|
|a Record is based on bibliographic data in ProQuest U.S. Serial Set Digital Collection (last viewed July 2007). Reuse except for individual research requires license from ProQuest, LLC.
|
| 510 |
3 |
|
|a ProQuest U.S. Serial Set Digital Collection
|
| 500 |
|
|
|a Electronic resource.
|
| 650 |
|
0 |
|a Accounting.
|
| 650 |
|
0 |
|a Tribal trust funds.
|
| 650 |
|
0 |
|a Indians of North America.
|
| 655 |
|
7 |
|a Electronic books.
|2 local
|
| 710 |
2 |
|
|a ProQuest (Firm)
|
| 830 |
|
0 |
|a United States congressional serial set.
|
| 856 |
4 |
0 |
|u http://proxy.library.tamu.edu/login?url=http://congressional.proquest.com/congcomp/getdoc?SERIAL-SET-ID=6756+H.doc.328
|z Connect to the full text of this electronic book
|t 0
|
| 999 |
|
|
|a MARS
|
| 999 |
f |
f |
|s 008bed26-4cf7-3fb5-b31a-e26cf8392329
|i fc3abed2-9ee6-3237-870d-32c12d9840ea
|t 0
|
| 952 |
f |
f |
|a Texas A&M University
|b College Station
|c Electronic Resources
|d Available Online
|t 0
|e ProQuest Serial Set Number 6756 H.doc.328
|h Other scheme
|
| 998 |
f |
f |
|a ProQuest Serial Set Number 6756 H.doc.328
|t 0
|l Available Online
|